LEADER 03291nam 22006975 450 001 9910350238303321 005 20251225190447.0 010 $a981-13-3582-6 024 7 $a10.1007/978-981-13-3582-2 035 $a(CKB)4100000007181088 035 $a(DE-He213)978-981-13-3582-2 035 $a(MiAaPQ)EBC5921518 035 $a(PPN)23246877X 035 $a(EXLCZ)994100000007181088 100 $a20181128d2019 u| 0 101 0 $aeng 135 $aurnn|008mamaa 181 $ctxt$2rdacontent 182 $cc$2rdamedia 183 $acr$2rdacarrier 200 10$aAdvances in Data Science $eThird International Conference on Intelligent Information Technologies, ICIIT 2018, Chennai, India, December 11?14, 2018, Proceedings /$fedited by Leman Akoglu, Emilio Ferrara, Mallayya Deivamani, Ricardo Baeza-Yates, Palanisamy Yogesh 205 $a1st ed. 2019. 210 1$aSingapore :$cSpringer Nature Singapore :$cImprint: Springer,$d2019. 215 $a1 online resource (XXXVIII, 201 p. 129 illus., 61 illus. in color.) 225 1 $aCommunications in Computer and Information Science,$x1865-0937 ;$v941 311 08$a981-13-3581-8 320 $aIncludes bibliographical references and index. 327 $aData science foundations -- Data management and processing technologies -- Data analytics and its applications. 330 $aThis book constitutes the thoroughly refereed post-conference proceedings of the Third International Conference on Advances in Data Science, ICIIT 2018, held in Chennai, India, in December 2018. The 11 full papers along with 4 short papers presented were carefully reviewed and selected from 74 submissions.The papers are organized in topical sections on data science foundations, data management and processing technologies, data analytics and its applications. 410 0$aCommunications in Computer and Information Science,$x1865-0937 ;$v941 606 $aData mining 606 $aArtificial intelligence 606 $aApplication software 606 $aComputer engineering 606 $aComputer networks 606 $aData Mining and Knowledge Discovery 606 $aArtificial Intelligence 606 $aComputer and Information Systems Applications 606 $aComputer Engineering and Networks 615 0$aData mining. 615 0$aArtificial intelligence. 615 0$aApplication software. 615 0$aComputer engineering. 615 0$aComputer networks. 615 14$aData Mining and Knowledge Discovery. 615 24$aArtificial Intelligence. 615 24$aComputer and Information Systems Applications. 615 24$aComputer Engineering and Networks. 676 $a006.312 702 $aAkoglu$b Leman$4edt$4http://id.loc.gov/vocabulary/relators/edt 702 $aFerrara$b Emilio$4edt$4http://id.loc.gov/vocabulary/relators/edt 702 $aDeivamani$b Mallayya$4edt$4http://id.loc.gov/vocabulary/relators/edt 702 $aBaeza-Yates$b Ricardo$4edt$4http://id.loc.gov/vocabulary/relators/edt 702 $aYogesh$b Palanisamy$4edt$4http://id.loc.gov/vocabulary/relators/edt 801 0$bMiAaPQ 801 1$bMiAaPQ 801 2$bMiAaPQ 906 $aBOOK 912 $a9910350238303321 996 $aAdvances in Data Science$92533068 997 $aUNINA